000 00839nai a2200217Ia 4500
003 IN-BaIIA
008 211028c9999 xx s 000 0 eng d
022 _a2168-0329 (Print)
022 _a2168-0337 (Online)
040 _cIIA Library
245 0 _aTransactions of the IRE Professional Group on Radio Telemetry and Remote Control
_h[eJournal]
260 _aNew York, USA
_bThe Institute of Electrical and Electronics Engineers, Inc. (IEEE)
310 _aAnnually
362 _aPGRTRC-1; 1954 - PGRTRC-2; 1954
521 _bSubscribed through National Knowledge Resource Consortium (NKRC)
650 _a Communication, Networking and Broadcast Technologies
650 _a Transportation
650 _aAerospace
856 _uhttps://ieeexplore.ieee.org/servlet/opac?punumber=4335619
_yClick Here to Access eJournal
942 _cEJ
999 _c35833
_d35833